01604nam a2200313uu 4500001000800000005001700008008004100025020001500066035001200081040001300093041000800106082000800114100002600122245006800148260004200216300001800258490003200276500067500308650003900983650002301022650003801045650002301083650002801106700002701134700002901161700003301190700003401223700003301257143685120260508090526.0160329s2007 spa  a8423424790 a1436851 ccomduadb aspa 4a65810aNoren, D.L.4auteaut13aEl estilo McDonald's: métodos para conectar con el consumidor aBarcelona :bEdiciones Deusto,c2007. a191 páginas0 aGrandes Casos Empresariales a CONTENIDO: La economía de los arcos dorados: un estudio del caso del sistema McDonald's. -- McDonald's como institución "Disneyzada". Implicaciones mundiales. -- McDonald's en cuestión: los límites del mercado de masas. -- Paradojas culturales reflejadas en el significado de las marcas: McDonald's en Shanghai, China. -- McDonald's y el fondo para la defensa del medio ambiente (EDF): caso práctico de una alianza ""verde". -- El otorgamiento de autoridad (empowerment) a través de la reducción de la estructura: un estudio piloto en los restaurantes McDonald's. -- Ficción y humor en la transformación de las estratégicas narrativas de McDonald's. 7aAdministración de empresas2lemb 7aConsumidores2lemb aMacDonald (Empresa multinacional) aMarcas de empresas aAlianzas estratégicas10aBryman, Alan4auteaut10aStillman, Todd4auteaut10aEckhardt, Giana M.4auteaut10aHouston, Michael J.4auteaut10aLivesey, Sharon M.4auteaut